000 00469nam a2200193Ia 4500
003 GCL
008 140319s9999 xx 000 0 aRus d
040 _aGCL /
_cGCL
082 0 4 _a861
_bC P
100 1 _aCELOYA,GABRIEL
245 1 0 _aPOESIA /
_cCELOYA,GABRIEL
700 1 _aCELAYA,GABRIEL
260 _a[S.N] :
_bALIANZA EDITORIAL ،
_c1984
300 _a160P
650 0 4 _aPOEMS
650 0 4 _aSPANISH LITERATURE
650 0 4 _aSPANISH POETRY
942 _2ddc
_cBK
999 _c11432
_d11432